LEADER 01988nam 2200445 450 001 000013929 005 20050718115500.0 010 $a3-540-53120-3 100 $a20030610d1990----km-y0itay0103----ba 101 0 $aeng 102 $aDE 200 1 $aMethods of nonconvex analysis$electures given at the 1. session of the Centro Internazionale Matematico Estivo (C.I.M.E.) held at Varenna, Italy, June 15-23, 1989$feditor A. Cellina 210 $aBerlin [etc.]$cSpringer$dc1990 215 $aIII, 206 p.$d25 cm. 225 2 $aLecture notes in mathematics$v1446 410 0$12001$aLecture notes in mathematics 606 $aAnalisi funzionale$xCongressi 676 $a515.7$v(21. ed.)$9Analisi funzionale 691 $a28A20$9Classical measure theory. Measurable and nonmeasurable functions, sequences of measurable functions, modes of convergence 691 $a34A60$9Ordinary differential equations. General theory. Differential inclusions 691 $a35K90$9Partial differential equations. Parabolic equations and systems. Abstract parabolic evolution equations 691 $a35K99$9Partial differential equations. Parabolic equations and systems 691 $a49-XX$9Calculus of variations and optimal control; optimization 702 1$aCellina,$bA. 712 02$aCentro internazionale matematico estivo$f<1989$e; Varenna> 801 0$aIT$bUniversità della Basilicata - B.I.A.$gRICA$2unimarc 912 $a000013929 996 $aMethods of nonconvex analysis$980146 997 $aUNIBAS BAS $aMONSCI BAS $aSCIENZE CAT $aEXT003$b01$c20030610$lBAS01$h1302 CAT $aEXT003$b01$c20030610$lBAS01$h1303 CAT $c20050601$lBAS01$h1755 CAT $abatch$b01$c20050718$lBAS01$h1052 CAT $c20050718$lBAS01$h1111 CAT $c20050718$lBAS01$h1141 CAT $c20050718$lBAS01$h1155 FMT Z30 -1$lBAS01$LBAS01$mBOOK$1BASA5$ADipartimento Matematica$2GEN$BCollezione generale$3MAT$69$5M9$820030610$f51$FRiservati LEADER 01576nam 2200421Ia 450 001 996392337103316 005 20221108005629.0 035 $a(CKB)1000000000677863 035 $a(EEBO)2240856316 035 $a(OCoLC)24048578 035 $a(EXLCZ)991000000000677863 100 $a19910710d1691 uy | 101 0 $aeng 135 $aurbn||||a|bb| 200 00$aMachiavel's vindication of himself and his writings against the imputation of impiety, atheism, and other high crimes$b[electronic resource] $eextracted from his letter to his friend Zenobius 210 $a[London $cs.n.$d1691] 215 $a8 p 300 $aCaption title. 300 $aPlace and date of publication suggested by Wing. 300 $aSuppositious work; probably written by Henry Neville--cf. BM. 300 $aIn double columns. 300 $aReproduction of original in the University of Illinois (Urbana-Champaign Campus). Library. 330 $aeebo-0167 606 $aPolitical science$vEarly works to 1800 606 $aAtheism$vEarly works to 1800 606 $aPolitical ethics$vEarly works to 1800 615 0$aPolitical science 615 0$aAtheism 615 0$aPolitical ethics 701 $aNeville$b Henry$f1620-1694.$0790969 701 $aMachiavelli$b Niccolo?$f1469-1527.$0330797 801 0$bEAF 801 1$bEAF 801 2$bWaOLN 906 $aBOOK 912 $a996392337103316 996 $aMachiavel's vindication of himself and his writings against the imputation of impiety, atheism, and other high crimes$92380493 997 $aUNISA